|
|
|
|
| LEADER |
02136nam a2200337 a 4500 |
| 001 |
27758 |
| 003 |
BD-DhAAL |
| 005 |
20151103020002.0 |
| 008 |
131119s2012 njua b 001 0 eng |
| 010 |
|
|
|a 2012382051
|z 2012357091
|
| 020 |
|
|
|a 9780470587232 (hbk.)
|
| 040 |
|
|
|a DLC
|c DLC
|d BD-DhAAL
|
| 050 |
0 |
0 |
|a HF5635
|b .K5 2012
|
| 082 |
0 |
0 |
|a 657/.044
|2 22
|
| 100 |
1 |
|
|a Kieso, Donald E.
|9 3360
|
| 245 |
1 |
0 |
|a Intermediate accounting /
|c Donald E. Kieso, Jerry J. Weygandt, Terry D. Warfield.
|
| 250 |
|
|
|a 14th ed.
|
| 260 |
|
|
|a Hoboken, NJ :
|b Wiley,
|c c2012.
|
| 300 |
|
|
|a xxxiii, 1581, I-23 p. :
|b ill. (chiefly col.) ;
|c 29 cm.
|
| 500 |
|
|
|a Also issued in 2 vol. set : v. 1. Chapters 1-14 -- v. 2. Chapters 15-24.
|
| 504 |
|
|
|a Includes bibliographical references and index.
|
| 650 |
|
0 |
|a Accounting.
|9 3535
|
| 700 |
1 |
|
|a Weygandt, Jerry J.
|9 3357
|
| 700 |
1 |
|
|a Warfield, Terry D.
|9 3536
|
| 942 |
|
|
|2 ddc
|c BK
|0 1
|
| 999 |
|
|
|c 14092
|d 14092
|
| 952 |
|
|
|0 0
|1 0
|2 ddc
|4 0
|6 657_044000000000000_KIE
|7 0
|9 23700
|a BRACUL
|b BRACUL
|c GEN
|d 2013-11-19
|l 8
|m 141
|o 657.044 KIE
|p 3010027755
|r 2025-09-21
|s 2025-06-29
|t 1
|w 2013-11-19
|y BK
|
| 952 |
|
|
|0 0
|1 0
|2 ddc
|4 0
|6 657_044000000000000_KIE
|7 0
|9 23701
|a BRACUL
|b BRACUL
|c GEN
|d 2013-11-19
|e Karim International
|g 18900.00
|l 11
|m 140
|o 657.044 KIE
|p 3010027756
|q 2026-05-19
|r 2025-09-18
|s 2025-09-18
|t 2
|w 2013-11-19
|y BK
|x The book was borrowed by Ms. Natasha Mahzabin (PIN: 3176), Lecturer, BBS. Her membership was canceled on 10/07/2018. Clearance was given to her (absent) with a note of dues as lost of book and sent it to HRD. Note that the book was returned by an Office Assistant, BBS on 13/11/2019
|
| 952 |
|
|
|0 0
|1 0
|2 ddc
|4 0
|6 657_044000000000000_KIE
|7 0
|9 23702
|a BRACUL
|b BRACUL
|c GEN
|d 2013-11-19
|l 21
|m 214
|o 657.044 KIE
|p 3010027757
|r 2026-01-15
|s 2025-08-10
|t 3
|w 2013-11-19
|y BK
|
| 952 |
|
|
|0 0
|1 0
|2 ddc
|4 0
|6 657_044000000000000_KIE
|7 0
|9 23703
|a BRACUL
|b BRACUL
|c GEN
|d 2013-11-19
|l 18
|m 250
|o 657.044 KIE
|p 3010027758
|r 2025-10-07
|s 2025-06-17
|t 4
|w 2013-11-19
|y BK
|
| 952 |
|
|
|0 0
|1 0
|2 ddc
|4 0
|6 657_044000000000000_KIE
|7 0
|9 23704
|a BRACUL
|b BRACUL
|c GEN
|d 2013-11-19
|l 18
|m 223
|o 657.044 KIE
|p 3010027759
|q 2026-04-23
|r 2025-10-07
|s 2025-10-07
|t 5
|w 2013-11-19
|y BK
|